On This Day: June 7th II Quiz Stats

 Plays Quiz Updated Jun 7, 2018

Score 0/7 Timer 03:00
0 Plays Today
Question Answer Wrong Answers
Six months after the attack on Pearl Harbor, American forces score a decisive victory at the Battle of ______, a turning point in the Pacific War.
1942
Midway
92.5%
Sedan
2.1%
Brody
1.5%
Kursk
3%
This American singer and actor, a member of the ‘Rat Pack’ known for his popular comedy duo with Jerry Lewis, is born.
1917
Dean Martin
85.5%
Frank Sinatra
8.7%
Tony Bennett
3.1%
Nat King Cole
2.2%
The United Nations defines the ‘Blue Line’ as the border between Israel and ______, in an effort to end conflict between the two countries.
2000
Lebanon
81.7%
Saudi Arabia
6.7%
Turkey
3.4%
Iraq
6.8%
In this country, Mount Pinatubo on the island of Luzon erupts. It erupts again on June 15th, becoming the second-largest eruption of the 20th century.
1991
Philippines
76.1%
Japan
7%
Taiwan
3.1%
Malaysia
12.4%
Norway’s parliament dissolves its union with this nation, which had lasted since 1814.
1905
Sweden
56.9%
Russia
13.5%
Finland
12%
Denmark
17.3%
Millions of people tune in to watch the ______ Jubilee of Queen Elizabeth II on television.
1977
Silver
52.7%
Golden
22.3%
Diamond
21.6%
Ruby
2.3%
______ troops first enter Mexico City as part of an intervention that took full control of the capital city three days later.
1863
French
33.6%
British
4.3%
Spanish
59.5%
Portuguese
2.5%

You're not logged in!

Compare scores with friends on all Sporcle quizzes.
OR
Log In

Sporcle TV

Today on Sporcle TV


Watch our educational content, quiz creation guides, and fun videos on Sporcle TV.

Show Comments

Extras

Top Quizzes Today


Score Distribution

Your Account Isn't Verified!

In order to create a playlist on Sporcle, you need to verify the email address you used during registration. Go to your Sporcle Settings to finish the process.

Report this User

Report this user for behavior that violates our Community Guidelines.

Details: